000 00677nam a2200193Ii 4500
003 JO-AjNU
008 230605s9999||||xx |||||||||||||| ||und||
040 _aJO-AjNU
_bara
_erda
_cJO-AjNU
041 _aara
050 1 4 _aBP166.5.I27
100 3 _aابن تيميه،أبي العباس تقي الدين ، تقديم وتعريف: حسنين محمد مخلوف,
_eauthor
_915176
245 0 0 _aشرح العقيدة الأصفهانية
264 3 1 _aد.م: دار الكتب الحديثة، د.ت
300 _a173ص
336 _atext
_btxt
_2rdacontent
337 _aunmediated
_bn
_2rdamedia
338 _avolume
_bnc
_2rdacarrier
650 4 _aعلم الكلام
_915177
999 _aA4224
_c7792
_d7792